Statistics for Most Expensive Football Transfers per Year - COPY

Click here to take the quiz!

General Stats

  • This quiz has been taken 17 times
  • The average score is 21 of 27

Answer Stats

YearFromToAmountAnswer% Correct
2009Manchester UnitedReal Madrid£80,000,000Cristiano Ronaldo
100%
2013Tottenham HotspursReal Madrid£85,000,000Gareth Bale
100%
2018MonacoPSG£135,000,000Kylian Mbappé
100%
2017BarcelonaPSG£200,000,000Neymar
100%
2016JuventusManchester United£89,000,000Paul Pogba
100%
1997BarcelonaInter Milan£25,000,000Ronaldo
100%
1996Blackburn RoversNewcastle United£15,000,000Alan Shearer
93%
2004MarseilleChelsea£24,000,000Didier Drogba
93%
2015WolfsburgManchester City£55,000,000Kevin De Bruyne
93%
2014LiverpoolBarcelona£65,000,000Luis Suarez
93%
2001JuventusReal Madrid£48,000,000Zinedine Zidane
93%
2019BenficaAtlético Madrid£126,000,000Joao Felix
87%
2000BarcelonaReal Madrid£37,000,000Luis Figo
87%
2003Manchester UnitedReal Madrid£25,000,000David Beckham
80%
2007Atlético MadridLiverpool£20,000,000Fernando Torres
80%
2008Real MadridManchester City£32,000,000Robinho
80%
2012AC MilanPSG£37,000,000Thiago Silva
80%
2006AC MilanChelsea£30,000,000Andriy Shevchenko
73%
2010ValenciaBarcelona£31,000,000David Villa
73%
2002Leeds UnitedManchester United£30,000,000Rio Ferdinand
73%
2011PalermoPSG£36,000,000Javier Pastore
67%
1999LazioInter Milan£32,000,000Christian Vieri
60%
2005LyonChelsea£24,400,000Michael Essien
60%
1993PSV EindhovenBarcelona£10,800,000Romario
47%
1995Nottingham ForestLiverpool£8,500,000Stan Collymore
47%
1998Sao Paulo FCReal Betis£28,350,000Denilson
33%
1994BarcelonaReal Madrid£8,640,000Michael Laundrup
0%

Score Distribution

Percentile by Number Answered

Percent of People with Each Score

Your Score History

You have not taken this quiz